Datum a čas kvízu
33
Celkem bodů
Celkový počet nahraných bodů na tomto kvízu bez doplňovacích otázek.
3.
Pořadí na kvízu
Konečné umístění týmu na tomto kvízu.
Zaznamenané odpovědi
| # | Otázka | Odpověď | Body | Výsledky |
|---|---|---|---|---|
| 1. | O tom, že Tomáš Tuhý míří do B... | 0 | ||
| 2. | Maďarského premiéra Viktora Or... | 0 | ||
| 3. | Nehmotné dědictví UNESCO bylo... | 1 | ||
| 4. | Detroitští fanoušci hokeje se... | 0 | ||
| 5. | Nejdříve David Limberský, poté... | 0 | ||
| 6. | Čertů se v kultuře, zeměpisnýc... | 1 | ||
| 7. | Napište název pohádky z roku 2... | 0 | ||
| 8. | Tenkrát bylo veselo a dost mál... | 1 | ||
| 9. | Na obrázku vidíme znak pražské... | 0 | ||
| 10. | "U nás ochutnat znamená ___!"... | 1 |